Las manzanas y la Luna.

Guardado en:
Formato: Deslizar
Series:Educable
Materias:
Etiquetas: Agregar Etiqueta
Sin Etiquetas, Sea el primero en etiquetar este registro!
LEADER 00838ngm a22002655g 4500
001 CEM.cems022183
008 130507b1996##################0###0#####d
005 20241009143820.0
245 0 0 |a Las manzanas y la Luna. 
300 |a 29'. 
490 0 |a Educable 
500 |a En soporte VHS, consultar en ventanilla. 
538 |a Soporte: VHS - Norma: Pal N - Color - Grabación DRD 1996 - Hitachi=4940 
505 0 |a Gravedad. Newton: experimento con la manzana; historia del descubrimiento. Leyes de gravedad. Inercia. 
082 5 3 |/ EDU 
653 |a FISICA 
653 |a NEWTON 
653 |a GRAVEDAD 
653 |a INERCIA 
653 |a LEYES FISICAS 
653 |a LUNA 
653 |a LEY DE GRAVEDAD 
653 |a NIVEL PRIMARIO 
653 |a NIVEL SECUNDARIO 
859 |a CEMS  |b BIB. CEMS - Depto. Recursos Didacticos  |h 535  |i EDU  |k DRD  |p 826.12  |t Ej.1